[Event "Listiger Bauer- Günnigfeld"]
[Site "?"]
[Date "2024.03.10"]
[Round "7.4"]
[White "Brandhorst, Dieter"]
[Black "Radi, Guenter"]
[Result "1/2-1/2"]
[WhiteElo "1862"]
[BlackElo "1832"]
[PlyCount "155"]
[SourceDate "2024.03.25"]

1. e4 e5 2. Bc4 Nf6 3. Qe2 Be7 4. Nc3 O-O 5. Nf3 d6 6. h3 Nbd7 7. O-O Nb6 8.
Bb3 c5 9. a4 a5 10. d3 h6 11. Nb5 Be6 12. c4 Nh7 13. Nh2 f5 14. f4 Bf6 15. Nf3
Re8 16. fxe5 dxe5 17. Be3 Rc8 18. Rad1 f4 19. Bd2 Na8 20. Bc3 Bf7 21. Bc2 b6
22. b3 Rc6 23. Bb2 Nc7 24. Nc3 Bh5 25. Nd5 Ng5 26. Rd2 Qc8 27. Qe1 Bxf3 28.
gxf3 Nxh3+ 29. Kh1 Bd8 30. Rg2 Na6 31. Qe2 Bh4 32. Rg4 Bg3 33. Qg2 h5 34. Rxg3
fxg3 35. Qxg3 h4 36. Qg2 g6 37. Kh2 Nf4 38. Nxf4 exf4 39. d4 cxd4 40. Bxd4 Nb4
41. Bb1 Qd7 42. Bc3 Qe7 43. e5 Kf7 44. Be4 Re6 45. Qg4 Rg8 46. Qxf4+ Ke8 47.
Rd1 g5 48. Qg4 Rh6 49. Qc8+ Kf7 50. e6+ Rxe6 51. Qd7 Qxd7 52. Rxd7+ Ke8 53. Rc7
Rxe4 54. fxe4 Rg6 55. Rg7 Rxg7 56. Bxg7 Kf7 57. Bd4 g4 58. Bxb6 Nc6 59. Be3 Kf6
60. Bf4 Nd4 61. c5 Ke6 62. Bb8 Nxb3 63. c6 Nc5 64. e5 Ne4 65. c7 Kd7 66. e6+
Kc8 67. e7 Nd6 68. Ba7 Kxc7 69. Bc5 Ne8 70. Be3 Kd7 71. Bb6 Kxe7 72. Bxa5 Kd6
73. Bd2 Kc5 74. Bg5 h3 75. Kg3 Kb4 76. Bf4 Nf6 77. Be5 Nd7 78. Kxg4 1/2-1/2

[Event "SF Werden 3 - SV Eichlinghofen 2"]
[Site "?"]
[Date "2024.03.10"]
[Round "7"]
[White "Zachos, Ingo"]
[Black "Zaschke, Benjamin"]
[Result "1/2-1/2"]
[WhiteElo "2004"]
[BlackElo "1967"]
[PlyCount "24"]
[SourceDate "2024.03.25"]

1. Nf3 Nf6 2. g3 g6 3. Bg2 Bg7 4. O-O O-O 5. c4 c5 6. Nc3 d5 7. cxd5 Nxd5 8. a3
Nc6 9. Rb1 Bf5 10. Ra1 Bc8 11. Rb1 Bf5 12. Ra1 Bc8 1/2-1/2

[Event "SF Werden 3 - SV Eichlinghofen 2"]
[Site "?"]
[Date "2024.03.10"]
[Round "7"]
[White "Diesing, Christian"]
[Black "Behle, Burkhard"]
[Result "1-0"]
[WhiteElo "1953"]
[BlackElo "1800"]
[PlyCount "61"]
[SourceDate "2024.03.25"]

1. c4 g6 2. Nc3 Bg7 3. g3 d6 4. Bg2 f5 5. d4 Nf6 6. Nf3 O-O 7. O-O Qe8 8. Re1
Nbd7 9. Nb5 Qd8 10. Ng5 Nb6 11. c5 Nbd5 12. cxd6 exd6 13. Qb3 c6 14. Nc3 Qa5
15. Bd2 Kh8 16. Nxd5 Qxd2 17. Nc7 Qxg5 18. Nxa8 Ne8 19. Qa3 Bxd4 20. Rad1 Qf6
21. e3 Bc5 22. b4 Bb6 23. Nxb6 axb6 24. b5 d5 25. Qb4 Qd6 26. Qd4+ Rf6 27. Qxb6
Kg7 28. a4 g5 29. a5 f4 30. exf4 gxf4 31. Rxe8 1-0

[Event "SF Werden 3 - SV Eichlinghofen 2"]
[Site "?"]
[Date "2024.03.10"]
[Round "7"]
[White "Dekhtyaryuk, Dimitri"]
[Black "Bury, Tobias"]
[Result "1-0"]
[WhiteElo "1813"]
[BlackElo "1909"]
[PlyCount "47"]
[SourceDate "2024.03.25"]

1. c4 c5 2. Nc3 Nf6 3. Nf3 Nc6 4. g3 d5 5. cxd5 Nxd5 6. Bg2 Nc7 7. O-O e5 8. d3
Be7 9. Be3 Bd7 10. Ne4 b6 11. Nc3 Rc8 12. a3 O-O 13. Rb1 f6 14. Nd2 Re8 15. f4
exf4 16. Bxf4 Ne6 17. Bd5 Kh8 18. e4 Nxf4 19. Rxf4 Bd6 20. Rf1 Ne5 21. Nf3 Bg4
22. Nxe5 Bxd1 23. Nf7+ Kg8 24. Nxd8+ 1-0

[Event "SF Werden 3 - SV Eichlinghofen 2"]
[Site "?"]
[Date "2024.03.10"]
[Round "7"]
[White "Blank, Stephan"]
[Black "Milkert, Sascha"]
[Result "1-0"]
[WhiteElo "1797"]
[BlackElo "1753"]
[PlyCount "131"]
[SourceDate "2024.03.25"]

1. e4 e6 2. d4 d5 3. exd5 exd5 4. Bd3 Bd6 5. Nc3 c6 6. Be3 Be6 7. Nge2 Nd7 8.
Qd2 Ngf6 9. Bf4 Qc7 10. Bxd6 Qxd6 11. a3 O-O 12. O-O c5 13. dxc5 Nxc5 14. Rad1
Nxd3 15. Qxd3 Rad8 16. h3 a6 17. Qd4 Rd7 18. Rd2 Qc6 19. Rfd1 Rfd8 20. Qf4 Qc7
21. Qxc7 Rxc7 22. Nd4 Rcd7 23. f3 Rd6 24. Nce2 g5 25. Kf2 Nd7 26. Nxe6 fxe6 27.
c4 Ne5 28. b3 Kf7 29. cxd5 Rxd5 30. Rxd5 Rxd5 31. Rxd5 exd5 32. Ke3 Ke6 33. f4
gxf4+ 34. Nxf4+ Kd6 35. g4 b5 36. g5 a5 37. h4 a4 38. bxa4 bxa4 39. h5 Nc4+ 40.
Kd4 Ne5 41. g6 hxg6 42. hxg6 Nc6+ 43. Ke3 Ke5 44. g7 Ne7 45. Ng6+ Kf6 46. Nxe7
Kxg7 47. Kd4 Kf7 48. Nxd5 Ke6 49. Kc5 Kd7 50. Kb6 Kc8 51. Ka7 Kd7 52. Kb7 Kd6
53. Nc3 Kc5 54. Nxa4+ Kc4 55. Nb6+ Kb5 56. Kc7 Ka5 57. Kc6 Ka6 58. Nc4 Ka7 59.
Kb5 Kb7 60. a4 Ka7 61. a5 Kb7 62. a6+ Ka7 63. Nd6 Kb8 64. Kb6 Ka8 65. Nb5 Kb8
66. a7+ 1-0

[Event "SF Werden 3 - SV Eichlinghofen 2"]
[Site "?"]
[Date "2024.03.10"]
[Round "7"]
[White "Guddat, Jörn"]
[Black "Brixius, Dirk"]
[Result "1/2-1/2"]
[WhiteElo "1732"]
[BlackElo "1714"]
[PlyCount "92"]
[SourceDate "2024.03.25"]

1. d4 d5 2. c4 c6 3. Nf3 Nf6 4. e3 e6 5. Nc3 Nbd7 6. Bd3 dxc4 7. Bxc4 b5 8. Bd3
a6 9. O-O c5 10. dxc5 Bxc5 11. Qe2 O-O 12. e4 e5 13. Bg5 Re8 14. Rac1 Qb6 15.
a3 Bb7 16. b4 Bd4 17. Rc2 Rac8 18. Rfc1 Qd6 19. Nd1 Nb6 20. Rxc8 Rxc8 21. Rxc8+
Bxc8 22. Nxd4 Qxd4 23. Be3 Qd8 24. Bxb6 Qxb6 25. Ne3 Qc7 26. Qc2 Qxc2 27. Bxc2
Be6 28. f3 Kf8 29. Kf2 g6 30. Ke2 Ke7 31. Kd3 Kd6 32. Kc3 h5 33. a4 h4 34. axb5
axb5 35. Bd3 Kc6 36. Bf1 Nh5 37. Nc2 Kb6 38. Na3 Bd7 39. Kd2 Nf4 40. g3 hxg3
41. hxg3 Ne6 42. Ke3 Nd4 43. Bd3 f6 44. f4 Bg4 45. fxe5 fxe5 46. Nc2 Nc6
1/2-1/2

[Event "SF Werden 3 - SV Eichlinghofen 2"]
[Site "?"]
[Date "2024.03.10"]
[Round "7"]
[White "Biermann, Klaus"]
[Black "Büchle, Manfred"]
[Result "1/2-1/2"]
[WhiteElo "1791"]
[BlackElo "1695"]
[PlyCount "82"]
[SourceDate "2024.03.25"]

1. c4 e6 2. Nc3 d5 3. d4 Nf6 4. Nf3 Be7 5. b3 O-O 6. Bb2 Bb4 7. a3 Bxc3+ 8.
Bxc3 Ne4 9. Bb2 b6 10. e3 Bb7 11. Bd3 f5 12. O-O Nd7 13. Ne1 Qg5 14. Qc1 c5 15.
f3 Nd6 16. f4 Qe7 17. Nf3 Ne4 18. Ne5 cxd4 19. Nxd7 Qxd7 20. Bxe4 dxe4 21. Bxd4
Rac8 22. Qb2 Rfd8 23. Rfd1 Ba6 24. Rd2 Qe7 25. Rad1 Rd7 26. a4 Rcd8 27. Bc3
Rxd2 28. Rxd2 Rxd2 29. Qxd2 Bc8 30. Bb4 Qd7 31. Qxd7 Bxd7 32. c5 bxc5 33. Bxc5
a6 34. Kf1 Kf7 35. Ke2 Ke8 36. Kd2 Bc6 37. Kc3 Kd7 38. Bd4 g6 39. Be5 Bd5 40.
b4 Kc6 41. Bd4 Ba2 1/2-1/2

[Event "SF Werden 3 - SV Eichlinghofen 2"]
[Site "?"]
[Date "2024.03.10"]
[Round "7"]
[White "Büchle, Regina"]
[Black "Eggebrecht, Jan"]
[Result "1-0"]
[WhiteElo "1703"]
[BlackElo "1733"]
[PlyCount "101"]
[SourceDate "2024.03.25"]

1. d4 Nf6 2. Nf3 e6 3. c4 b6 4. a3 Bb7 5. Bg5 Be7 6. Nc3 d5 7. e3 Nbd7 8. Be2
O-O 9. O-O c5 10. cxd5 Nxd5 11. Bxe7 Qxe7 12. Rc1 Rac8 13. Re1 N7f6 14. Ne5
Rfd8 15. Bf3 cxd4 16. exd4 Rc7 17. Nxd5 Bxd5 18. Bxd5 Nxd5 19. Nc6 Qg5 20. Nxd8
Rxc1 21. Qxc1 Nf4 22. Qc6 Qxd8 23. Qe4 Nd5 24. Rc1 h6 25. h3 g6 26. g3 Qd7 27.
Qe5 a5 28. Qb8+ Kg7 29. Rc8 Qa4 30. Qe5+ Nf6 31. Rc3 Qd7 32. Rf3 Qd8 33. Rc3 g5
34. Rc6 Kg6 35. Qd6 Qxd6 36. Rxd6 Nd5 37. Kg2 Kf6 38. Kf3 Ke7 39. Rc6 Kd7 40.
Rc1 Ne7 41. Ke4 Nd5 42. f3 Ne7 43. Kd3 Nf5 44. Rg1 Kc6 45. f4 Kd5 46. fxg5 hxg5
47. Rf1 Nxd4 48. Rxf7 e5 49. Rd7+ Kc5 50. Rxd4 exd4 51. h4 1-0

[Event "SF Werden 3 - SV Eichlinghofen 2"]
[Site "?"]
[Date "2024.03.10"]
[Round "7"]
[White "Arp, Piotr"]
[Black "Peter, Richard"]
[Result "1-0"]
[WhiteElo "1708"]
[BlackElo "1758"]
[PlyCount "69"]
[SourceDate "2024.03.25"]

1. d4 d5 2. c4 e6 3. Nc3 Nf6 4. cxd5 exd5 5. Bg5 Be7 6. e3 c6 7. Bd3 O-O 8. Qc2
h6 9. Bh4 Qc7 10. Bxf6 Bxf6 11. Nxd5 Qd8 12. Nxf6+ Qxf6 13. Ne2 Re8 14. O-O b6
15. e4 Bb7 16. e5 Qe7 17. Be4 Nd7 18. f4 Rac8 19. Ng3 Nf8 20. Nf5 Qb4 21. Qd3
Rcd8 22. a3 Qa4 23. b3 Qa6 24. Qg3 Ne6 25. Nxh6+ Kf8 26. Nf5 Qe2 27. Qh4 Kg8
28. Rae1 Qd2 29. Rd1 Qe2 30. Rfe1 Qb2 31. Rd3 Rxd4 32. Rh3 f6 33. Qh8+ Kf7 34.
Nd6+ Rxd6 35. Bg6+ 1-0

[Event "SG Gladbeck - SV Erkenschwick"]
[Site "VK2 2023/24"]
[Date "2024.03.10"]
[Round "7.3"]
[White "Schulze Bisping, Franz-Adolf"]
[Black "Berg, Dietmar"]
[Result "0-1"]
[WhiteElo "1829"]
[BlackElo "1943"]
[PlyCount "30"]
[EventDate "2024.??.??"]
[SourceDate "2024.03.25"]

1. d4 Nf6 2. c4 e6 3. Nc3 Bb4 4. f3 c5 5. d5 exd5 6. cxd5 d6 7. e4 h6 8. Bb5+
Nbd7 9. a3 Ba5 10. Nge2 a6 11. Ba4 b5 12. Bc2 b4 13. axb4 cxb4 14. Rxa5 Qxa5
15. Nb1 b3+ 0-1

[Event "SG Gladbeck - SV Erkenschwick"]
[Site "VK2 2023/24"]
[Date "2024.03.10"]
[Round "7.1"]
[White "Riechenberg, Sebastian"]
[Black "HassenrÃ¼ck, Helmut"]
[Result "1-0"]
[WhiteElo "1900"]
[BlackElo "2123"]
[PlyCount "61"]
[EventDate "2024.??.??"]
[SourceDate "2024.03.25"]

1. e4 c5 2. Nf3 Nc6 3. d4 cxd4 4. Nxd4 e5 5. Nb5 d6 6. c4 g6 7. Be2 Be6 8. O-O
a6 9. N5c3 Bg7 10. Be3 Rc8 11. Nd5 Bxd5 12. cxd5 Nd4 13. Bg4 Rc7 14. Qa4+ Kf8
15. Nc3 Nf6 16. Bh3 Nd7 17. Bxd7 Rxd7 18. f4 b5 19. Qd1 b4 20. fxe5 dxe5 21.
Ne2 Qh4 22. Qd3 Nxe2+ {(=)} 23. Qxe2 Bh6 24. Bxh6+ Qxh6 25. Qxa6 Qe3+ 26. Kh1
Qa7 27. Qf6 Rg8 28. Qxe5 g5 29. Rac1 Qa6 30. Rf6 Qb7 31. Rfc6 1-0

[Event "SG Gladbeck - SV Erkenschwick"]
[Site "VK2 2023/24"]
[Date "2024.03.10"]
[Round "7.2"]
[White "Frohne, Gerd"]
[Black "Strohmann, Marcel"]
[Result "1-0"]
[WhiteElo "2008"]
[BlackElo "1848"]
[PlyCount "69"]
[EventDate "2024.??.??"]
[SourceDate "2024.03.25"]

1. Nf3 Nf6 2. g3 g6 3. Bg2 Bg7 4. O-O O-O 5. d3 d5 6. Nbd2 Nc6 7. e4 dxe4 8.
dxe4 e5 9. c3 a5 10. Re1 Qe7 11. a4 Rd8 12. Qc2 Nd7 13. Nb3 Nc5 14. Bg5 f6 15.
Be3 Nxb3 16. Qxb3+ Be6 17. Qxb7 Qd7 18. Qb5 Rab8 19. Qe2 Qf7 20. Bf1 Bf8 21.
Qa6 Rd6 22. Qe2 Rd7 23. Red1 Rxd1 24. Rxd1 Bb3 25. Ra1 Kg7 26. Qa6 Qe6 27. Nd2
Qd6 28. Bb5 Rb6 29. Bxb6 Qxd2 30. Be3 Qxb2 31. Rf1 Ne7 32. Qxa5 c6 33. Bd3 Bc2
34. Bxc2 Qxc2 35. Qb4 1-0

[Event "SG Gladbeck - SV Erkenschwick"]
[Site "VK2 2023/24"]
[Date "2024.03.10"]
[Round "7.5"]
[White "Rolf, Jan"]
[Black "Huttny, Georg"]
[Result "1/2-1/2"]
[WhiteElo "1866"]
[BlackElo "1828"]
[PlyCount "56"]
[EventDate "2024.??.??"]
[SourceDate "2024.03.25"]

1. e4 c5 2. Nf3 g6 3. d4 Bg7 4. c4 cxd4 5. Nxd4 Nc6 6. Be3 Nf6 7. Nc3 d6 8. Be2
O-O 9. O-O Bd7 10. Rc1 Nxd4 11. Bxd4 Bc6 12. Qd3 Nd7 13. Rfd1 Bxd4 14. Qxd4 Qb6
15. Nd5 Bxd5 16. cxd5 Rac8 17. Qxb6 Nxb6 18. b3 Kg7 19. a4 a5 20. Bb5 f5 21. f3
fxe4 22. fxe4 Rxc1 23. Rxc1 Rc8 24. Rxc8 Nxc8 25. Kf2 Kf6 26. Ke3 Ke5 27. g3
Nb6 28. Kd3 Na8 1/2-1/2

[Event "SG Gladbeck - SV Erkenschwick"]
[Site "VK2 2023/24"]
[Date "2024.03.10"]
[Round "7.6"]
[White "Rickert, Stefan"]
[Black "Steinke, Hans-JÃ¶rg"]
[Result "1-0"]
[WhiteElo "1190"]
[BlackElo "1595"]
[PlyCount "65"]
[EventDate "2024.??.??"]
[SourceDate "2024.03.25"]

1. e4 e6 2. d4 d5 3. exd5 exd5 4. Nf3 Nf6 5. c4 c6 6. Nc3 Be7 7. h3 O-O 8. Bd3
dxc4 9. Bxc4 Bf5 10. O-O Nbd7 11. Nh4 Bg6 12. Nxg6 hxg6 13. Qd3 Nb6 14. Bb3
Nbd5 15. Re1 Bb4 16. Bg5 Qa5 17. Bd2 Qd8 18. Nxd5 Nxd5 19. Bxd5 Bxd2 20. Bxf7+
Rxf7 21. Qxd2 Rd7 22. Rad1 Qf6 23. Re5 Rad8 24. Qe3 Qf7 25. a3 Qc4 26. Re4 Qc2
27. Rd2 Qc1+ 28. Kh2 c5 29. d5 b6 30. Rh4 Qb1 31. Qe6+ Rf7 32. Rf4 Rdd7 33.
Qe8+ 1-0

[Event "SG Gladbeck - SV Erkenschwick"]
[Site "VK2 2023/24"]
[Date "2024.03.10"]
[Round "7.7"]
[White "Allen, Phillipp"]
[Black "Rickert, Dirk"]
[Result "1-0"]
[WhiteElo "1700"]
[BlackElo "1800"]
[PlyCount "57"]
[EventDate "2024.??.??"]
[SourceDate "2024.03.25"]

1. d4 d5 2. c4 e6 3. g3 Nf6 4. Bg2 Be7 5. Nf3 c6 6. O-O Nbd7 7. Nbd2 O-O 8. Qc2
b6 9. e4 dxe4 10. Nxe4 Bb7 11. Ne5 Qc7 12. Bf4 Nxe5 13. Bxe5 Qd8 14. Rad1 Rc8
15. Rfe1 Nxe4 16. Bxe4 g6 17. c5 bxc5 18. dxc5 Qa5 19. b4 Qxb4 20. Rb1 Qa5 21.
Qc1 Ba6 22. Qh6 f6 23. Bxg6 hxg6 24. Qxg6+ Kh8 25. Re4 fxe5 26. Qh6+ Kg8 27.
Rg4+ Bg5 28. Rxg5+ Kf7 29. Rg7+ 1-0

[Event "SG Gladbeck - SV Erkenschwick"]
[Site "VK2 2023/24"]
[Date "2024.03.10"]
[Round "7.8"]
[White "Busch, Udo"]
[Black "Al Marawi, Youssef"]
[Result "1-0"]
[WhiteElo "1768"]
[BlackElo "1653"]
[PlyCount "49"]
[EventDate "2024.??.??"]
[SourceDate "2024.03.25"]

1. d4 d5 2. c4 c6 3. cxd5 cxd5 4. Nf3 Nf6 5. Nc3 Nc6 6. Bf4 a6 7. e3 Bf5 8. Bd3
Bg6 9. Rc1 e6 10. O-O Be7 11. Bb1 O-O 12. Bxg6 hxg6 13. h3 Rc8 14. Qe2 Qb6 15.
Na4 Qa5 16. Qc2 Nxd4 17. Qxc8 Ne2+ 18. Kh1 Nxc1 19. Rxc1 Rxc8 20. Rxc8+ Bf8 21.
Bd6 Ne4 22. Rxf8+ Kh7 23. Nc3 Nxd6 24. Ng5+ Kh6 25. f4 1-0

[Event "SG Gladbeck - SV Erkenschwick"]
[Site "VK2 2023/24"]
[Date "2024.03.10"]
[Round "7.4"]
[White "Kruse, Peter"]
[Black "Schicktanz, Florian"]
[Result "1-0"]
[WhiteElo "1913"]
[BlackElo "1725"]
[PlyCount "100"]
[EventDate "2024.??.??"]
[SourceDate "2024.03.25"]

1. e4 c5 2. Nf3 d6 3. Bb5+ Bd7 4. Bxd7+ Nxd7 5. d4 cxd4 6. Qxd4 Ngf6 7. c4 g6
8. Nc3 Bg7 9. O-O O-O 10. Bg5 h6 11. Bh4 g5 12. Bg3 Nh5 13. Qe3 Nxg3 14. hxg3
Qb6 15. Nd5 Qxe3 16. Nxe7+ Kh7 17. fxe3 Rfe8 18. Nf5 Rxe4 19. Nxd6 Rxe3 20.
Rae1 Rxe1 21. Rxe1 g4 22. Re7 gxf3 23. Rxd7 Bd4+ 24. Kf1 fxg2+ 25. Kxg2 Bxb2
26. Rxb7 Bd4 27. Rxf7+ Kg6 28. Rf4 Be5 29. Rg4+ Kh5 30. Rh4+ Kg6 31. c5 Rd8 32.
Re4 Bxd6 33. Re6+ Kf7 34. Rxd6 Rxd6 35. cxd6 Ke6 36. Kh3 Kxd6 37. Kh4 Ke5 38.
Kh5 Kf5 39. a3 a6 40. a4 a5 41. Kxh6 Kg4 42. Kg6 Kxg3 43. Kf5 Kh4 44. Ke5 Kg5
45. Kd5 Kf5 46. Kc5 Ke5 47. Kb5 Kd5 48. Kxa5 Kc6 49. Ka6 Kc7 50. Ka7 Kc8 1-0

[Event "Wattenscheid 3- Osterfeld"]
[Site "?"]
[Date "2024.03.10"]
[Round "7.1"]
[White "Heisterkamp, Oliver"]
[Black "Thelen, Thomas"]
[Result "1/2-1/2"]
[WhiteElo "1941"]
[BlackElo "1988"]
[PlyCount "29"]
[SourceDate "2024.03.25"]

1. d4 Nf6 2. Nf3 e6 3. Bf4 c5 4. e3 b6 5. c3 Be7 6. h3 Bb7 7. Nbd2 d6 8. Be2 a6
9. a4 Qc7 10. O-O O-O 11. Bh2 Nbd7 12. Ne1 Rfe8 13. Bf3 Bf8 14. Bxb7 Qxb7 15.
Qf3 1/2-1/2

[Event "Wattenscheid 3- Osterfeld"]
[Site "?"]
[Date "2024.03.10"]
[Round "7.2"]
[White "Meyer, Juergen"]
[Black "Laudage, Bernd"]
[Result "0-1"]
[WhiteElo "1899"]
[BlackElo "1996"]
[PlyCount "82"]
[SourceDate "2024.03.25"]

1. e4 c6 2. d4 d6 3. g3 Nd7 4. Bg2 e5 5. Ne2 Ngf6 6. O-O Qc7 7. h3 Be7 8. c3 h6
9. Be3 Nf8 10. Nd2 N8h7 11. f4 O-O 12. Nf3 Nd7 13. f5 Ndf6 14. Nd2 b6 15. g4
Ba6 16. Rf2 Nd7 17. Nf3 Bxe2 18. Qxe2 Ndf6 19. Qc2 Rad8 20. Rd1 Rfe8 21. Rfd2
Nf8 22. g5 hxg5 23. Bxg5 c5 24. Bxf6 Bxf6 25. d5 Nd7 26. Bf1 c4 27. Rg2 b5 28.
Rg4 Kf8 29. Qg2 Ke7 30. Kh2 Rh8 31. Be2 Rdg8 32. Ng5 Qc5 33. Rg3 Rh4 34. Rg1
Qb6 35. Rg4 Rh6 36. Qf3 Rgh8 37. R1g3 Nc5 38. Qg2 Rh4 39. Nxf7 Kxf7 40. Rxg7+
Bxg7 41. Rxg7+ Kf8 0-1

[Event "Wattenscheid 3- Osterfeld"]
[Site "?"]
[Date "2024.03.10"]
[Round "7.3"]
[White "Ivchenko, Anatoly"]
[Black "Schlee, Ulrich"]
[Result "0-1"]
[WhiteElo "1822"]
[BlackElo "1795"]
[PlyCount "76"]
[SourceDate "2024.03.25"]

1. Nf3 Nf6 2. d4 d5 3. c4 e6 4. Bg5 Be7 5. e3 Nbd7 6. Nc3 a6 7. cxd5 Nxd5 8.
Bxe7 Qxe7 9. Bd3 O-O 10. Nxd5 exd5 11. Qc2 Nf6 12. O-O c6 13. Rab1 Be6 14. b4
h6 15. a4 Rfc8 16. Rfc1 Bd7 17. Ne5 Be6 18. Qc5 Qd8 19. Qc2 Nd7 20. Nf3 Nf6 21.
Qb2 Qe7 22. h3 Qd7 23. Ne5 Qe7 24. b5 axb5 25. axb5 c5 26. dxc5 Rxc5 27. Rxc5
Qxc5 28. Nf3 Ne4 29. Qe5 Rc8 30. Nd4 Qd6 31. Qh5 Nf6 32. Qe2 Qa3 33. Rb3 Rc1+
34. Kh2 Qa1 35. Nxe6 fxe6 36. Qb2 Rh1+ 37. Kg3 Qg1 38. Qe5 Qh2+ 0-1

[Event "Wattenscheid 3- Osterfeld"]
[Site "?"]
[Date "2024.03.10"]
[Round "7.4"]
[White "Kraus, Tanja"]
[Black "Hessel, Malte"]
[Result "0-1"]
[WhiteElo "1701"]
[BlackElo "1980"]
[PlyCount "80"]
[SourceDate "2024.03.25"]

1. e4 d6 2. d4 Nf6 3. Nc3 c6 4. h3 Qa5 5. Bd3 e5 6. Nf3 Be7 7. Bd2 Qc7 8. O-O
O-O 9. dxe5 dxe5 10. Ne2 c5 11. Ng3 c4 12. Be2 b5 13. c3 Bb7 14. Qc2 Nbd7 15.
Bg5 Nc5 16. Bxf6 Bxf6 17. b3 cxb3 18. axb3 a6 19. b4 Ne6 20. c4 Nd4 21. Nxd4
exd4 22. Rac1 bxc4 23. Qxc4 Qxc4 24. Rxc4 Rac8 25. Rfc1 Rxc4 26. Rxc4 Rc8 27.
f4 Rxc4 28. Bxc4 Be7 29. b5 a5 30. Kf1 Bd6 31. e5 Bc5 32. Nf5 Kf8 33. g4 Be4
34. Ng3 Bb1 35. Ke2 a4 36. Kd2 a3 37. Kc1 a2 38. Kb2 d3 39. Bxa2 Bxa2 40. Kxa2
d2 0-1

[Event "Wattenscheid 3- Osterfeld"]
[Site "?"]
[Date "2024.03.10"]
[Round "7.5"]
[White "Fiori, Bruno"]
[Black "Kotulla, Guenther"]
[Result "1-0"]
[WhiteElo "1831"]
[BlackElo "1671"]
[PlyCount "47"]
[SourceDate "2024.03.25"]

1. e4 d6 2. d4 Nf6 3. Nc3 g6 4. h3 Bg7 5. Be3 O-O 6. Qd2 Nbd7 7. Bh6 c5 8. Bxg7
Kxg7 9. d5 a6 10. a4 Qa5 11. Rd1 Qb4 12. f3 Ne5 13. b3 c4 14. f4 Ned7 15. Bxc4
Nc5 16. Nge2 Bd7 17. e5 dxe5 18. fxe5 Ne8 19. O-O Nc7 20. Rf4 Qb6 21. Kh1 a5
22. Rdf1 N7a6 23. Ng3 Qc7 24. d6 1-0

[Event "Wattenscheid 3- Osterfeld"]
[Site "?"]
[Date "2024.03.10"]
[Round "7.6"]
[White "Wolf, Ulrich"]
[Black "Gebauer, Reinhard"]
[Result "1/2-1/2"]
[WhiteElo "1854"]
[BlackElo "1792"]
[PlyCount "47"]
[SourceDate "2024.03.25"]

1. Nf3 Nf6 2. c4 c5 3. b3 g6 4. Bb2 Bg7 5. g3 O-O 6. Bg2 Nc6 7. O-O d6 8. d3 e5
9. Nc3 Bd7 10. a3 Qc8 11. Re1 a6 12. e3 Qc7 13. d4 Rfe8 14. dxc5 dxc5 15. Nd5
Nxd5 16. cxd5 Nd8 17. d6 Qb6 18. Nd2 Rc8 19. Nc4 Qa7 20. e4 b5 21. Ne3 Nc6 22.
Nd5 Kf8 23. Rc1 Red8 24. Qc2 1/2-1/2

[Event "Wattenscheid 3- Osterfeld"]
[Site "?"]
[Date "2024.03.10"]
[Round "7.7"]
[White "Bensch, Arnold"]
[Black "Hielscher, Klaus- Peter"]
[Result "1/2-1/2"]
[WhiteElo "1737"]
[BlackElo "1780"]
[PlyCount "89"]
[SourceDate "2024.03.25"]

1. d4 Nf6 2. c4 g6 3. Nf3 Bg7 4. Nc3 d6 5. g3 O-O 6. Bg2 c6 7. e4 Nbd7 8. O-O
e5 9. dxe5 dxe5 10. Qc2 a5 11. Re1 h6 12. b3 Re8 13. Bb2 Qc7 14. Na4 b6 15.
Rad1 Bb7 16. Re2 Rac8 17. Ba3 Bf8 18. Bxf8 Kxf8 19. Qd2 Kg7 20. Nc3 Nc5 21. Qd6
Qxd6 22. Rxd6 Rcd8 23. Rxd8 Rxd8 24. Nxe5 Re8 25. f4 g5 26. fxg5 hxg5 27. Nf3
Ncxe4 28. Nxe4 Rxe4 29. Rxe4 Nxe4 30. Nd4 c5 31. Nc2 Nd6 32. Bxb7 Nxb7 33. Ne3
Nd6 34. Nd5 Nc8 35. g4 Kg6 36. Kg2 f5 37. gxf5+ Kxf5 38. Kf3 Kg6 39. Kg4 Kh6
40. h4 gxh4 41. Kxh4 Kg6 42. Kg4 Kf7 43. Kf5 Nd6+ 44. Ke5 Nc8 45. Nf4 1/2-1/2

[Event "Wattenscheid 3- Osterfeld"]
[Site "?"]
[Date "2024.03.10"]
[Round "7.8"]
[White "Juentgen, Matthias"]
[Black "Kyritsis, Christoph"]
[Result "1-0"]
[WhiteElo "1374"]
[BlackElo "1608"]
[PlyCount "79"]
[SourceDate "2024.03.25"]

1. d4 d5 2. c4 Nf6 3. cxd5 Nxd5 4. e4 Nf6 5. Nc3 Nc6 6. Nf3 Bg4 7. d5 Ne5 8.
Nxe5 Bxd1 9. Bb5+ c6 10. dxc6 a6 11. c7+ axb5 12. cxd8=Q+ Rxd8 13. Nxd1 Nxe4
14. O-O e6 15. Be3 Bd6 16. Nf3 O-O 17. Bb6 Rc8 18. Re1 Nf6 19. Nc3 Bb4 20. Bd4
Rc4 21. Bxf6 gxf6 22. Re4 Rfc8 23. Rxc4 Rxc4 24. Nxb5 Rc2 25. Rb1 e5 26. a3 Bc5
27. Nc3 Rxf2 28. b4 Ba7 29. Kh1 Rc2 30. Nb5 Be3 31. a4 e4 32. Nfd4 Rc4 33. Nf5
Bd2 34. Nbd6 Rxb4 35. Rxb4 Bxb4 36. Nxe4 Kf8 37. Nxf6 h6 38. Ne4 h5 39. Nfd6 b6
40. Nc4 1-0

[Event "Mülheim- Unser Fritz"]
[Site "?"]
[Date "2024.03.10"]
[Round "7.1"]
[White "Rutz, Dirk"]
[Black "Langschmidt, Dirk"]
[Result "1-0"]
[WhiteElo "1992"]
[BlackElo "2008"]
[PlyCount "41"]
[SourceDate "2024.03.25"]

1. e4 c5 2. Nf3 d6 3. d4 cxd4 4. Nxd4 Nf6 5. Nc3 a6 6. f3 e5 7. Nb3 Be7 8. Be3
Be6 9. Qd2 d5 10. exd5 Nxd5 11. Nxd5 Qxd5 12. Qxd5 Bxd5 13. O-O-O Bxb3 14. axb3
Nc6 15. Bd3 Rd8 16. Bb6 Rd6 17. Be4 g6 18. Bc7 Rxd1+ 19. Rxd1 f6 20. Bd5 Bc5
21. Bxc6+ 1-0

[Event "Mülheim- Unser Fritz"]
[Site "?"]
[Date "2024.03.10"]
[Round "7.2"]
[White "Otto, Michael"]
[Black "Nowicki, Heiko"]
[Result "1-0"]
[WhiteElo "1798"]
[BlackElo "1834"]
[PlyCount "81"]
[SourceDate "2024.03.25"]

1. e4 c5 2. Nf3 Nc6 3. d4 cxd4 4. Nxd4 Qb6 5. Nb3 Nf6 6. Nc3 e6 7. Be3 Qc7 8.
a3 a6 9. Be2 Be7 10. f4 d6 11. O-O b5 12. Bf3 Bb7 13. Qe1 Rc8 14. Qf2 e5 15. f5
Bd8 16. Rfd1 Qb8 17. Rd2 Bc7 18. g4 h6 19. Qh4 Ne7 20. Rad1 Qa8 21. g5 Nfg8 22.
Qh3 Rd8 23. Rg2 Nxf5 24. Bf2 Nge7 25. Rd3 d5 26. exf5 e4 27. Re3 Bb6 28. Re1
Bxf2+ 29. Kxf2 Qa7+ 30. Kf1 Bc8 31. Bg4 h5 32. f6 Bxg4 33. Rxg4 gxf6 34. gxf6
Ng6 35. Rg5 h4 36. Nxd5 Kf8 37. Rxe4 Qb7 38. Qe3 Qc6 39. Nd4 Qc4+ 40. Kf2 h3
41. Ne6+ 1-0

[Event "Mülheim- Unser Fritz"]
[Site "?"]
[Date "2024.03.10"]
[Round "7.3"]
[White "Tober, Julian"]
[Black "Kucki, Hermann"]
[Result "1-0"]
[WhiteElo "1794"]
[BlackElo "1723"]
[PlyCount "71"]
[SourceDate "2024.03.25"]

1. e4 c5 2. d4 cxd4 3. Qxd4 Nc6 4. Qe3 e5 5. Nc3 Bb4 6. Bd2 Nf6 7. O-O-O O-O 8.
Be2 Qa5 9. Kb1 Qc5 10. Nd5 Nxd5 11. exd5 Qxe3 12. Bxe3 Ne7 13. a3 Bd6 14. b4 b6
15. Nf3 Bb7 16. c4 Rfc8 17. g4 f5 18. Bg5 Kf7 19. Bxe7 Kxe7 20. gxf5 Kf6 21.
Rhg1 a5 22. Nd2 Bf8 23. Ne4+ Kf7 24. Bh5+ Ke7 25. d6+ Kd8 26. Ng5 Rxc4 27. Nf7+
Kc8 28. Rc1 b5 29. Nxe5 Rxc1+ 30. Rxc1+ Bc6 31. Nxc6 dxc6 32. Rxc6+ Kd7 33. Bf3
Bxd6 34. Rxd6+ Kxd6 35. Bxa8 axb4 36. axb4 1-0

[Event "Mülheim- Unser Fritz"]
[Site "?"]
[Date "2024.03.10"]
[Round "7.4"]
[White "Brockmann, Michael"]
[Black "Rostek, Joerg"]
[Result "0-1"]
[WhiteElo "1880"]
[BlackElo "1825"]
[PlyCount "94"]
[SourceDate "2024.03.25"]

1. d4 d5 2. Nf3 e6 3. e3 c5 4. c3 Nf6 5. Nbd2 Nc6 6. Bd3 cxd4 7. exd4 Bd6 8.
O-O O-O 9. Re1 Qc7 10. Qe2 Bd7 11. Ne5 a6 12. f4 b5 13. Qf3 g6 14. g4 Rfe8 15.
g5 Nh5 16. Nf1 Rf8 17. Ng3 Nxg3 18. hxg3 f5 19. gxf6 Rxf6 20. Ng4 Rff8 21. Qh1
Ne7 22. Ne5 b4 23. Bd2 a5 24. g4 bxc3 25. bxc3 Bxe5 26. Rxe5 Nc6 27. Rg5 Ne7
28. Rf1 Rab8 29. Rf2 Rb2 30. Re5 Rxd2 31. Rxd2 Qxc3 32. Qh2 Qxd4+ 33. Qf2 Rxf4
34. Qxd4 Rxd4 35. Ree2 Rxg4+ 36. Kf2 Rf4+ 37. Ke1 Nc6 38. Rb2 Rf7 39. a3 e5 40.
Rb6 e4 41. Bb5 Ne5 42. a4 Bf5 43. Rd6 d4 44. Rd5 Re7 45. Kd2 Kf7 46. Ba6 Ke6
47. Rxa5 Rc7 0-1